Así persuaden los líderes (Registro nro. 9073)
[ vista simple ]
| 000 -Cabecera | |
|---|---|
| Campo de control de longitud fija | 00755ntm a22002897a 4500 |
| 005 - Fecha y hora de la última transacción | |
| Campo de control | 20250804141606.0 |
| 008 - Elementos de longitud fija--Información general | |
| Campo de control de longitud fija | 170317b xxu||||| |||| 00| 0 spa d |
| 020 ## - International Standard Book Number | |
| Número Internacional Estándar del Libro (ISBN) | 9788494522208 |
| 041 ## - Idioma | |
| Código de idioma | Español |
| 082 ## - Clasificación Decimal Dewey | |
| Número de clasificación | 658.409 2 F363a2 |
| 100 ## - Entrada principal--Autor personal | |
| Nombre personal | Fernández Orellana, Oscar |
| 9 (RLIN) | 41315 |
| 245 ## - Título propiamente dicho | |
| Título | Así persuaden los líderes |
| 250 ## - Edición | |
| Mención de edición | 2 edición |
| 260 ## - Pie de imprenta | |
| Lugar de publicación, distribución, etc. | España |
| 260 ## - Pie de imprenta | |
| Nombre del editor, distribuidor, etc. | Libros de Cabecera |
| 260 ## - Pie de imprenta | |
| Fecha de publicación, distribución, etc. | 2016 |
| 300 ## - Descripción física | |
| Extensión | 278 páginas |
| 490 ## - Serie | |
| Título de la Serie | Dirección y Administración de Empresas |
| 650 ## - Materia general | |
| Temática (materia general) | LIDERAZGO EJECUTIVO |
| 650 ## - Materia general | |
| Temática (materia general) | LIDERES |
| 650 ## - Materia general | |
| Temática (materia general) | IDEAS |
| 650 ## - Materia general | |
| Temática (materia general) | PERSUASIÓN EN EL LIDERAZGO |
| 650 ## - Materia general | |
| Temática (materia general) | LO QUE HACE LÍDER AL LÍDER |
| 650 ## - Materia general | |
| Temática (materia general) | ARGUMENTOS |
| 650 ## - Materia general | |
| Temática (materia general) | PERSUACIÓN |
| 942 ## - Punto de acceso adicional KOHA | |
| Tipo de ítem KOHA | Libro |
| Fuente del sistema de clasificación o colocación | Dewey Decimal Classification |
| Signatura completa | Código de barras | Programa Académico | Tipo de ítem |
|---|---|---|---|
| 658.409 2 F363a2 | 21709 | Dirección y Administración de Empresas | Libro |